000 01358cam a2200385 i 4500
001 6791
003 FISKH
005 20250528121506.0
008 150904s2015 nyua j 000 0beng
010 _a 2015472505
020 _a9780545837538 (Paperback)
020 _a0545837537 (Paperback)
040 _aBIB
_beng
_cBIB
_dDLC
050 _aGV865.D299 B83
082 _a796.357
100 1 _aBubar, Joe,
_eauthor.
245 1 0 _aGo Mo'! Mo'Ne Davis :
_bthe girl who changed baseball history /
_cby Joe Bubar.
260 _aNew York :
_bScholastic,
_c2015.
300 _a32 pages :
_bcolor illustrations ;
_c23 cm
336 _atext
_btxt
_2rdacontent
337 _aunmediated
_bn
_2rdamedia
338 _avolume
_bnc
_2rdacarrier
500 _a"This edition is available for distribution only through the school market"--Back cover.
505 _aR
520 _a"This edition is available for distribution only through the school market"--Back cover.
521 8 _a720
_bLexile
521 8 _aR
_bRaz-Plus
600 1 0 _aDavis, Mo'Ne
_vJuvenile literature.
611 2 0 _aLittle League World Series (Baseball)
650 0 _aWomen baseball players
_zUnited States
_vBiography.
650 0 _aPitchers (Baseball)
_zUnited States
_vBiography.
906 _a7
_bcbc
_ccopycat
_d2
_encip
_f20
_gy-gencatlg
942 _2ddc
_cBK
_n0
999 _c6791
_d6791